Informe de actividades del PESICRE y otras bases de datos de la Secretaría Permanente
Bewaard in:
| Coauteur: | |
|---|---|
| Formaat: | Texto |
| Gepubliceerd in: |
Caracas:
SELA
|
| Tags: |
Voeg label toe
Geen labels, Wees de eerste die dit record labelt!
|
MARC
| LEADER | 00000 a a2200000 04500 | ||
|---|---|---|---|
| 001 | 24184 | ||
| 003 | |||
| 040 | |||
| 090 | |a 177200 | ||
| 110 | |a SELA. Secretaría Permanente | ||
| 245 | |a Informe de actividades del PESICRE y otras bases de datos de la Secretaría Permanente | ||
| 260 | |a Caracas: |b SELA | ||
| 300 | |a 17 p. | ||
| 999 | |c 15266 |d 15266 | ||
